000 01438nam a2200313 c 4500
999 _c467156
_d467156
003 BLK
005 20230725102424.0
008 180411b bul|||||r ||||||| ||bul||
020 _a9786197586596
040 _aBLK
041 _aBUL
_cBUL
080 _aМетоди и процедури на обучение. Форми на преподаване и обучение
_b37.091.3
_z37.091.3:821-93(076)
100 1 _aМиронова, Любов Георгиева
_eпърви автор
_9382260
139 _aМиронова, Любов Георгиева
_bМ 68
245 1 0 _aПътеводител в света на приказките
_bКак да подберем и поднесем приказка на деца от 0 до 12
_cЛюбов Георгиева Миронова.
257 _aBGR
260 _bАсеневци
_c2022
_9213613
_aСофия
_n978-619-7356- ; 978-954-8898- ; 954-91670-
300 _a244 с.
_c23 см
380 _a3
500 _aРец.: Емилия Василева, Яна Рашева-Мерджанова.
650 0 _aВъзпитание на деца в предучилищна възраст
_9318967
650 0 _aПриказки - възпитателно значение
_9271923
653 0 _aдетски приказки
_9391160
852 _bП
_c37/М 68 Л
856 4 _qpdf
856 4 _qpdf
942 _cKNG
_n0
_s1
_06
944 _aCR
_c2022-07-19
_k30542
_lРусанова Ирена